000 00549nam a2200193Ia 4500
999 _c34295
_d34295
003 OSt
005 20200911102033.0
008 190216s9999||||xx |||||||||||||| ||und||
020 _a9780070634329
040 _coclc
082 _a621.381
_bSCH/B
100 _aSchultz, Mitchel E
_94533
245 0 _aBasic Electronics /
_cMitchel E Schultz
250 _a10th Ed.
260 _bTata Mcgrawhill Publishers,
_c2010.
_aNew Delhi:
300 _a1074p
650 _aPhysics
942 _cBK
_2ddc
_h621.381
_iSCH/B
_k621.381
_mSCH/B